000
00205nam a2200097Ia 4500
008
120527s9999 xx 000 0 und d
100
_a
LINNEY, Bob
245
_a
The copy book
260
_b
I.T
942
_c
BK
999
_c
25152
_d
25152